| 000 | 00950nam a2200253 a 4500 | ||
|---|---|---|---|
| 001 | 1206552 | ||
| 005 | 20170105102344.0 | ||
| 008 | 980708s1998 nyub b 001 0 eng | ||
| 010 | _a 98167695 | ||
| 020 | _a0452275636 (pbk.) | ||
| 040 |
_aDLC _cDLC |
||
| 043 | _aa-ir--- | ||
| 050 | 0 | 0 |
_aDS318.8 _b.M3 1998 |
| 082 | 0 | 0 |
_a955.05 _221 |
| 100 | 1 |
_aMackey, Sandra, _d1937- |
|
| 245 | 1 | 4 |
_aThe Iranians : Persia, Islam, and the soul of a nation, with a new afterword by the author _bPersia, Islam, and the soul of a nation, with a new afterword by the author _cSandra Mackey |
| 260 |
_aNew York : _bPlume Book, _c1998. |
||
| 300 |
_axxii, 442 p. : _bmaps ; _c24 cm. |
||
| 504 | _aIncludes bibliographical references (p. [421]-426) and index. | ||
| 651 | 0 |
_aIran _xPolitics and government _y20th century. |
|
| 906 |
_a7 _bcbc _corignew _d2 _encip _f19 _gy-gencatlg |
||
| 942 |
_2ddc _cBK |
||
| 999 |
_c11609 _d11609 |
||